000 00225nam a22000857a 4500
008 161125b xxu||||| |||| 00| 0 eng d
100 _91438
_aSeveren. J. V
245 _aOne way bible
260 _aBangalore
_bSadhana publication
_c2004
999 _c4161
_d4161